Podium grand tour - Statistiques

Statistiques générales
  • Ce quiz a été pris 21 fois
  • Le résultat moyen est 11 sur 15
Answers on the Grid
Answers color-coded by a green-red scale on the quiz's grid according to % correct below.
Del Toro
POGAČAR
Vingegaard
Kuss
Quintana
Alaphilippe
Dumoulin
Bardet
Uran
Roglic
Seixas
Simon Yates
Garin
Chavanel
Van der poel
Hindley
Almeida
Van AERT
Pedersen
Rolland
BARGUIL
Evenepoel
Gaudu
Pidcock
Gall
Arensman
Philipsen
Milan
Merlier
De lie
 
Statistiques - réponses
Réponse % Correct
POGAČAR
100%
Vingegaard
100%
Bardet
89%
Dumoulin
89%
Simon Yates
89%
Kuss
84%
Quintana
84%
Del Toro
79%
Evenepoel
79%
Roglic
79%
Hindley
74%
Uran
68%
Almeida
58%
Garin
42%
Pidcock
26%
Aucun quiz correspondant
Distribution des résultats
% des personnes avec chaque résultat
Percentile par nombre de réponses
Votre historique - résultats
Vous n’avez pas pris ce quiz